000 00322nas a2200145 a 4500
001 24808
003 82472
005 20201118100451.0
008 ||||||n9999 ||| || ||
245 0 _aNueva Administracion - No.1
260 _c1972.
562 _e0
773 _024807
_aNueva Administracion
942 _cSISS
999 _c24808
_d24808